<The> Contribution of ten Polish- Slovak - Ukrainian scientific seminars to the development of statistical disciplines and their applications

V marci 1995 sa na Ekonomickej univerzite v Bratislave začala písať história slovensko-poľských a slovensko-poľsko-ukrajinských vedeckých seminárov, zameraných na výmenu skúseností z aplikácie matematicko-štatistických metód pri kvantitatívnej analýze ekonomických a sociálnych dôsledkov transformačn...

Descripción completa

Guardado en:
Detalles Bibliográficos
Autor principal: Pacáková, Viera
Otros Autores: Pociecha, Józef
Formato: Capítulo de libro
Lenguaje:inglés
Materias:
Etiquetas: Agregar Etiqueta
Sin Etiquetas, Sea el primero en etiquetar este registro!

MARC

LEADER 00000naa$a2200000$$$4500
001 0016651
005 20240502071403.1
041 0 |a eng 
044 |a SK 
245 1 0 |a <The> Contribution of ten Polish- Slovak - Ukrainian scientific seminars to the development of statistical disciplines and their applications  |c aut. Viera Pacáková, Józef Pociecha 
520 |a V marci 1995 sa na Ekonomickej univerzite v Bratislave začala písať história slovensko-poľských a slovensko-poľsko-ukrajinských vedeckých seminárov, zameraných na výmenu skúseností z aplikácie matematicko-štatistických metód pri kvantitatívnej analýze ekonomických a sociálnych dôsledkov transformačných procesov a skvalitnenie výučby štatistických vedných disciplín na ekonomických univerzitách. Z každého seminára bol vydaný zborník príspevkov v anglickom jazyku. 
610 2 0 |a semináre 
610 2 0 |a Poľsko 
610 2 0 |a Slovensko 
610 2 0 |a Ukrajina 
610 2 0 |a modely ekonomicko-matematické 
610 2 0 |a štatistika 
610 2 0 |a vyučovanie 
610 2 0 |a výučba vedecká 
610 2 0 |a školy vysoké 
100 1 |a Pacáková, Viera 
700 1 |a Pociecha, Józef